• 首页
  • 本馆介绍
  • 公告通知
  • 最新文献
  • 馆藏检索
  • 电子资源
  • 读者导购
  • 参考咨询
  • 我的图书馆
  • 登录
  • 详细信息显示
  • 放入我的书架
  • 预约/预借图书
  • 作者相关作品
  • 分类相关作品
  • 丛书相关作品
  • 出版社相关作品

书目信息

  • 表格格式
  • 工作单格式
  • 卡片格式
题名:
从小读点吴文化
    
 
作者: ;胥口实验小学 编
分册:   低年级
出版信息: 苏州   古吴轩出版社  2017.4
页数: 91页
开本: 21cm
丛书名: 胥口实验小学经典诵读校本教材
单 册:
中图分类: G624.201
科图分类:
主题词: 中华文化--小学--教材
电子资源:
ISBN: 978-7-5546-0910-1
000 01115nam 2200289 45
001 012001002945
005 20140824090432.0
010    @a978-7-5546-0910-1@dCNY20.00
099    @aCAL 012018077759
100    @a20180625d2017 ce y0chiy0110 ea
101 0  @achi
102    @aCN@b320000
105    @aa z 000yy
106    @ar
200 1  @a从小读点吴文化@Acong xiao du dian wu wen hua@i低年级@f胥口实验小学编
210    @a苏州@c古吴轩出版社@d2017.4
215    @a91页@c彩图@d21cm
225 2  @a胥口实验小学经典诵读校本教材@Axu kou shi yan xiao xue jing dian song du xiao ben jiao cai
300    @a胥口镇全民阅读读本
330    @a本书共分为亲子共读篇 ; 经典诵读篇 ; 要求背诵篇几部分, 其主要内容包括: 摇到外婆桥 ; 大清老早 ; 莫做贪官 ; 十二月歌谣 ; 姑苏小吃名堂多 ; 杠铃杠铃马来哉 ; 卖糖粥 ; 跳跳牛皮筋 ; 一品锅等。
410  0 @12001 @a胥口实验小学经典诵读校本教材
461  0 @12001 @a胥口实验小学经典诵读校本教材
606 0  @a中华文化@x小学@j教材
690    @aG624.201@v5
711 02 @a胥口实验小学@Axu kou shi yan xiao xue@4编
801    @aCN@bAHXH@c20210922
905    @b1282941-5@dG624.201@e1969@f5
    
    从小读点吴文化.低年级/胥口实验小学编.-苏州:古吴轩出版社,2017.4
    91页:彩图;21cm.-(胥口实验小学经典诵读校本教材)
    胥口镇全民阅读读本
    
    ISBN 978-7-5546-0910-1:CNY20.00
    本书共分为亲子共读篇 ; 经典诵读篇 ; 要求背诵篇几部分, 其主要内容包括: 摇到外婆桥 ; 大清老早 ; 莫做贪官 ; 十二月歌谣 ; 姑苏小吃名堂多 ; 杠铃杠铃马来哉 ; 卖糖粥 ; 跳跳牛皮筋 ; 一品锅等。
●
相关链接 在E读中查询图书 在五车中查询图书 在当当中查询图书 在豆瓣中查询图书


正题名:从小读点吴文化     索取号:G624.201/1969         预约/预借

序号 登录号 条形码 馆藏地/架位号 状态 备注
1 1282941   212829411   第一样本阅览室/ [索取号:G624.201/1969] 在馆    
2 1282942   212829420   教育系资料室/ [索取号:G624.201/1969] 在馆    
3 1282943   212829439   教育系资料室/ [索取号:G624.201/1969] 在馆    
4 1282944   212829448   第四借阅区/ [索取号:G624.201/1969] 在馆    
5 1282945   212829457   第四借阅区/ [索取号:G624.201/1969] 在馆    
唐山师范学院图书馆 欢迎您!
大连网信软件有限公司© 版权所有